| 000 | 00950nam a2200349Ia 4500 | ||
|---|---|---|---|
| 003 | EC-GqESP | ||
| 005 | 20251105092549.0 | ||
| 008 | 250425s9999 xx 000 0 und d | ||
| 010 | _a100754 | ||
| 020 | _a9781441965110 | ||
| 041 | _aeng | ||
| 082 |
_a658.7 _pGOE |
||
| 100 | _aGOETSCHALCKX, MARC | ||
| 245 | 0 | _aSUPPLY CHAIN ENGINEERING | |
| 250 | _a1A ED. | ||
| 260 |
_aEstados Unidos _bSPRINGER _c2011 |
||
| 260 | _aNEW YORK | ||
| 300 | _a680 | ||
| 650 | _aADMINISTRACION DE MATERIALES | ||
| 650 | _aADMINISTRACION DE MATERIALES | ||
| 650 | _aADMINISTRACION DE MATERIALES | ||
| 650 | _aCONTROL DE INVENTARIOS | ||
| 650 | _aCONTROL DE INVENTARIOS | ||
| 650 | _aCONTROL DE INVENTARIOS | ||
| 650 | _aINGENIERIA INDUSTRIAL | ||
| 650 | _aINGENIERIA INDUSTRIAL | ||
| 650 | _aINGENIERIA INDUSTRIAL | ||
| 650 | _aLOGISTICA EMPRESARIAL | ||
| 650 | _aLOGISTICA EMPRESARIAL | ||
| 650 | _aLOGISTICA EMPRESARIAL | ||
| 942 | _c01 | ||
| 999 |
_c234840 _d234840 |
||